logo

Bir Sreshtho Munshi Abdur Rouf Library
Jhenaidah Cadet College

Making mathematics work (Record no. 5363)

MARC details
000 -LEADER
fixed length control field 00767cam a22002651 4500
001 - CONTROL NUMBER
JCCL Control Number 5363
003 - CONTROL NUMBER IDENTIFIER
JCCL marc code BD-JhCC
005 - DATE AND TIME OF LATEST TRANSACTION
control field 20171213164747.0
008 - FIXED-LENGTH DATA ELEMENTS--GENERAL INFORMATION
fixed length control field 770806s1955 xx a 001 0 eng
035 ## - SYSTEM CONTROL NUMBER
system control number (BD-JhCC) 5363
035 ## - SYSTEM CONTROL NUMBER
system control number (OCoLC)3165284
040 ## - CATALOGING SOURCE
Original cataloging agency DLC
Transcribing agency OC
Modifying agency DLC
041 ## - LANGUAGE CODE
Language code of Book eng
050 00 - LIBRARY OF CONGRESS CALL NUMBER
Classification number QA106
Item number .N38 1955
082 ## - DEWEY DECIMAL CLASSIFICATION NUMBER
Classification number 510
Author mark and Year NEL 1955
100 1# - MAIN ENTRY--PERSONAL NAME
Personal name Nelson, Gilbert D.
245 10 - TITLE STATEMENT
Title Making mathematics work
Statement of responsibility, etc [by] G. D. Nelson [and] H.E. Grime, assisted by F. N. Burroughs.
260 ## - PUBLICATION, DISTRIBUTION, ETC. (IMPRINT)
Place of publication, distribution, etc Boston,
Name of publisher, distributor, etc Houghton Mifflin
Date of publication, distribution, etc [1955]
300 ## - PHYSICAL DESCRIPTION
Pagination 630 p.
Other physical details illus.
Dimensions 25 cm.
490 0# - SERIES STATEMENT
Series statement Riverside mathematics series
650 #0 - SUBJECT ADDED ENTRY--TOPICAL TERM
Topical term or geographic name as entry element Arithmetic.
700 1# - ADDED ENTRY--PERSONAL NAME
Personal name Grime, H. E.
Fuller form of name (Herschel Edward),
Dates associated with a name 1895-
942 ## - ADDED ENTRY ELEMENTS (KOHA)
Source of classification or shelving scheme Dewey Decimal Classification
Koha item type Books
Holdings
Source of classification or shelving scheme Damaged status Not for loan Home library Current library Shelving location Date of accession Source of acquisition Total Checkouts Full call number Barcode Date last seen Copy number Koha item type
Dewey Decimal Classification     JCC Rouf Library JCC Rouf Library General Stacks 12/13/2017 Tha Asia Foundation   510 NEL 1955 7455 12/13/2017 C - 1 Books

JCC Library | Contacts | JCC Home

Last Update on 23 September 2017
Copyright @ 2017-2020 JCC Rouf Library
Rouf Library, Jhenidah Cadet College (JCC), Bangladesh